[Event "Challenge"]
[Site "http://www.queenalice.com/game.php?id=1316232"]
[Date "2014.10.18"]
[Round "-"]
[White "asantos82"]
[Black "Sugarrayederson"]
[Result "1/2-1/2"]
[WhiteElo "2161"]
[BlackElo "1899"]

1. e4 e6 2. d4 b6 3. Nc3 Bb7 4. Bf4 Ne7 5. Bd3 g6 6. Qd2 h6 7. Nf3 Bg7 8. O-O-O
d6 9. Rhe1 Nd7 10. e5 d5 11. h4 a6 12. g4 c5 13. g5 h5 14. a3 Qc7 15. Be3 c4 16.
Bf1 O-O-O 17. Bh3 Qc6 18. Kb1 b5 19. Na2 Qb6 20. Qb4 Nc6 1/2-1/2

[Event "AUTO-ADV-3192"]
[Site "http://www.queenalice.com/game.php?id=1322763"]
[Date "2014.11.17"]
[Round "2"]
[White "Sugarrayederson"]
[Black "gomestrovao"]
[Result "0-1"]
[WhiteElo "1919"]
[BlackElo "1823"]

1. e4 e5 2. Nf3 Nc6 3. d4 d6 4. dxe5 Bg4 5. exd6 Bxd6 6. Bb5 Ne7 7. h3 Bb4+ 8.
Bd2 Bxf3 9. Qxf3 O-O 10. Bxc6 Nxc6 11. Bxb4 Nxb4 12. Na3 Qd4 13. c3 Nd3+ 14. Ke2
Qb6 15. b3 Rad8 16. Rad1 Ne5 17. Qf4 Ng6 18. Qc1 Qf6 19. Rhe1 Nf4+ 20. Kf1 Nd3
21. Qe3 Nxe1 22. Kxe1 Rxd1+ 23. Kxd1 Rd8+ 24. Kc2 Qa6 0-1

[Event "AUTO-ADV-3192"]
[Site "http://www.queenalice.com/game.php?id=1322764"]
[Date "2014.11.17"]
[Round "2"]
[White "gomestrovao"]
[Black "Sugarrayederson"]
[Result "0-1"]
[WhiteElo "1836"]
[BlackElo "1906"]

1. e4 c6 2. Bc4 d5 3. exd5 cxd5 4. Bb5+ Nc6 5. Nc3 Bf5 6. Nf3 Nf6 7. Ne5 Qc7 8.
d3 Qxe5+ 9. Be3 e6 10. Bxc6+ bxc6 11. O-O d4 12. f4 Qxe3+ 13. Rf2 dxc3 14. bxc3
Ng4 15. Qf3 Qxf2+ 16. Qxf2 Nxf2 17. Kxf2 Bd6 18. g3 O-O 19. Rb1 Rab8 20. Rxb8
Rxb8 21. Ke2 Rb2 22. Kd2 Rxa2 23. c4 Bb4+ 24. Kc1 Bc3 25. Kb1 Ra1# 0-1

[Event "AUTO-ADV-3192"]
[Site "http://www.queenalice.com/game.php?id=1322765"]
[Date "2014.11.17"]
[Round "2"]
[White "Sugarrayederson"]
[Black "elisangela"]
[Result "0-1"]
[WhiteElo "1923"]
[BlackElo "1738"]

1. e4 e6 2. Nf3 h6 3. d4 a6 4. Bd3 b5 5. c3 Bb7 6. Bf4 c5 7. Nbd2 c4 8. Bc2 g5
9. Bg3 h5 10. h3 Bh6 11. Qe2 h4 12. Bh2 Nc6 13. d5 Nce7 14. dxe6 dxe6 15. Rd1
Qa5 16. a3 f6 0-1

[Event "AUTO-ADV-3192"]
[Site "http://www.queenalice.com/game.php?id=1322766"]
[Date "2014.11.17"]
[Round "2"]
[White "elisangela"]
[Black "Sugarrayederson"]
[Result "0-1"]
[WhiteElo "1773"]
[BlackElo "1925"]

1. e3 d5 2. a3 Nf6 3. b4 Bf5 4. h3 e5 5. g4 Bg6 6. h4 h6 7. Bb2 Bd6 8. Bg2 c6 9.
h5 Bh7 10. d4 Qe7 11. c3 Nbd7 12. dxe5 Nxe5 13. f3 Nd3+ 14. Ke2 Nxb2 15. Qb3 Nc4
0-1

[Event "AUTO-ADV-3402"]
[Site "http://www.queenalice.com/game.php?id=1356496"]
[Date "2015.4.29"]
[Round "1"]
[White "Sugarrayederson"]
[Black "Shizumaru_Hisame"]
[Result "1-0"]
[WhiteElo "1934"]
[BlackElo "1857"]

1. d4 Nf6 2. Nf3 e6 3. Bf4 c5 4. e3 Qb6 5. Qc1 Nd5 6. Bg3 Be7 7. c3 cxd4 8. exd4
O-O 9. Bd3 d6 10. O-O Bf6 11. Nbd2 Rd8 12. Qc2 Nc6 13. Bxh7+ Kf8 14. Bd3 e5 15.
dxe5 dxe5 16. Rfe1 Nf4 17. Bxf4 exf4 18. h3 g5 19. Ne4 Bf5 20. Rad1 g4 21. Nxf6
gxf3 22. Bxf5 fxg2 23. Nd7+ Rxd7 24. Rxd7 Re8 25. Rxe8+ Kxe8 26. Qe4+ Kf8 27.
Bg6 fxg6 28. Qxg6 Ne5 29. Qg7+ Ke8 30. Qe7# 1-0

[Event "AUTO-ADV-3402"]
[Site "http://www.queenalice.com/game.php?id=1356497"]
[Date "2015.4.29"]
[Round "1"]
[White "Shizumaru_Hisame"]
[Black "Sugarrayederson"]
[Result "1-0"]
[WhiteElo "1923"]
[BlackElo "1947"]

1. e4 c6 2. d4 d5 3. e5 Bf5 4. Ne2 e6 5. Ng3 Bg6 6. h4 h6 7. Be2 c5 8. Bd3 Bxd3
9. Qxd3 Qb6 10. c3 Nc6 11. Ne2 Nge7 12. a3 c4 13. Qh3 Na5 14. Bf4 Qxb2 15. O-O
Qxa1 16. g4 Ng6 17. Bg3 Bxa3 18. Nxa3 Qxa3 19. f4 O-O-O 20. f5 Ne7 21. fxe6 fxe6
22. Rf7 Rhg8 23. g5 Kd7 24. Nf4 Qc1+ 25. Kg2 Qc2+ 26. Bf2 Qe4+ 27. Kf1 Qf5 28.
Rxf5 exf5 29. g6 Kc6 30. h5 Nb3 31. Ke2 a5 32. Qh1 b5 33. Bh4 Rge8 34. Qb1 b4
35. cxb4 axb4 36. Be1 Rb8 37. Ne6 Rg8 38. Qa2 Ra8 39. Qb2 Kd7 40. Nc5+ Nxc5 41.
Qxb4 1-0

[Event "AUTO-ADV-3402"]
[Site "http://www.queenalice.com/game.php?id=1356498"]
[Date "2015.4.29"]
[Round "1"]
[White "Sugarrayederson"]
[Black "sia"]
[Result "0-1"]
[WhiteElo "1906"]
[BlackElo "2155"]

1. d4 d5 2. Nf3 c6 3. e3 e6 4. Bd3 Nf6 5. Nbd2 Be7 6. e4 Bb4 7. c3 dxe4 8. Nxe4
Be7 9. Qc2 Nxe4 10. Bxe4 Nd7 11. Bxh7 g6 12. Bxg6 fxg6 13. Qxg6+ Kf8 14. Bh6+
Rxh6 15. Qxh6+ Kf7 16. Qh7+ Kf6 17. g4 e5 18. Qh6+ Kf7 19. g5 Nf8 20. Nxe5+ Kg8
21. h4 Qd5 22. f3 Qe6 23. Qxe6+ Nxe6 24. g6 Nf4 25. Kf2 Kg7 26. h5 Bg5 27. Rag1
Bh6 0-1

[Event "AUTO-ADV-3402"]
[Site "http://www.queenalice.com/game.php?id=1356499"]
[Date "2015.4.29"]
[Round "1"]
[White "sia"]
[Black "Sugarrayederson"]
[Result "1-0"]
[WhiteElo "2142"]
[BlackElo "1930"]

1. e4 e6 2. g3 d5 3. Bg2 dxe4 4. Bxe4 Nf6 5. Qf3 c6 6. d3 Nxe4 7. Qxe4 Qd5 8. f3
Qxe4+ 9. fxe4 Bc5 10. Nf3 b5 11. Bf4 O-O 12. d4 Bb6 13. c3 Nd7 14. Nbd2 Bb7 15.
O-O-O c5 16. Bd6 Rfe8 17. dxc5 Nxc5 18. Bxc5 Bxc5 19. Nd4 a6 20. b4 Bxd4 21.
cxd4 Red8 22. d5 exd5 23. e5 Rac8+ 24. Kb2 d4 25. Rhf1 d3 26. Nb3 Rc2+ 27. Kb1
Rxh2 28. Nc5 1-0

[Event "AUTO-ADV-3402"]
[Site "http://www.queenalice.com/game.php?id=1356500"]
[Date "2015.4.29"]
[Round "1"]
[White "Sugarrayederson"]
[Black "pedone"]
[Result "0-1"]
[WhiteElo "1900"]
[BlackElo "1962"]

1. d4 d5 2. Nf3 c6 3. Bf4 Nf6 4. e3 Nbd7 5. Nbd2 e6 6. h3 b5 7. c3 Bb7 8. Bd3 a6
9. e4 dxe4 10. Nxe4 Nd5 11. Nd6+ Bxd6 12. Bxd6 N7f6 13. Bh2 O-O 14. O-O Re8 15.
Qc2 Rc8 16. Ng5 g6 17. Rad1 Nd7 18. Nf3 c5 19. dxc5 Rxc5 20. Bd6 Rc6 21. Bh2 Nb4
22. Qb1 Nxd3 23. Qxd3 Re7 0-1

[Event "AUTO-ADV-3402"]
[Site "http://www.queenalice.com/game.php?id=1356501"]
[Date "2015.4.29"]
[Round "1"]
[White "pedone"]
[Black "Sugarrayederson"]
[Result "1-0"]
[WhiteElo "1927"]
[BlackElo "1922"]

1. e4 c6 2. d4 d5 3. e5 Bf5 4. Bd3 Bxd3 5. Qxd3 e6 6. Nf3 c5 7. Bg5 Qa5+ 8. Bd2
Qb6 9. Bc3 c4 10. Qd2 Nc6 11. a3 g6 12. O-O Bg7 13. Qd1 Nge7 14. Nbd2 Nf5 15.
Nb1 O-O 16. g4 Nfe7 17. Nbd2 h6 18. Rb1 Qc7 19. Kg2 b5 20. h4 a5 21. b4 axb4 22.
axb4 Nc8 23. Ba1 1-0

[Event "Challenge"]
[Site "http://www.queenalice.com/game.php?id=1488701"]
[Date "2017.8.3"]
[Round "-"]
[White "Sugarrayederson"]
[Black "asantos82"]
[Result "1-0"]
[WhiteElo "1884"]
[BlackElo "2111"]

1. d4 c6 2. Nf3 d5 3. Bf4 Bf5 4. e3 Qb6 5. Qc1 e6 6. c3 Nd7 7. Nbd2 a5 8. Nh4
Ne7 9. Nxf5 Nxf5 10. Bd3 Nd6 11. e4 dxe4 12. Nxe4 Nxe4 13. Bxe4 Nf6 14. Bf3 Be7
15. O-O O-O 16. Qc2 Rac8 17. Qb3 Qxb3 18. axb3 Ra8 19. h3 Nd5 20. Bxd5 exd5 21.
Rfe1 Rfe8 22. Bc7 Kf8 23. Rxa5 Rxa5 24. Bxa5 Ra8 25. Bc7 Ra2 26. Rb1 Bf6 27.
Bd6+ Ke8 28. Ba3 Kd7 29. Kf1 Be7 30. b4 Kc7 31. Ke2 Kb6 32. Kd2 Kb5 33. Kc2 Kc4
34. Rd1 Bd6 35. Kb1 Kb3 36. Rd3 Kc4 37. Rf3 f6 38. Kxa2 1-0

[Event "AUTO-ADV-3877"]
[Site "http://www.queenalice.com/game.php?id=1488928"]
[Date "2017.8.5"]
[Round "1"]
[White "fabricioprado"]
[Black "Sugarrayederson"]
[Result "0-1"]
[WhiteElo "1717"]
[BlackElo "1886"]

1. e4 e6 2. Nf3 d5 3. exd5 exd5 4. d4 Nf6 5. Bb5+ c6 6. Ba4 Qa5+ 7. Nc3 Bb4 8.
Bb3 Ne4 9. Bd2 Nxc3 10. Bxc3 Bxc3+ 11. bxc3 Qxc3+ 12. Kf1 O-O 13. g3 Bg4 14. Kg2
Bxf3+ 15. Qxf3 Qxd4 16. Rhd1 Qc5 17. a4 Re8 18. Re1 Nd7 19. Rxe8+ Rxe8 20. Rd1
Nf6 21. Re1 Rxe1 0-1

[Event "AUTO-ADV-3877"]
[Site "http://www.queenalice.com/game.php?id=1488929"]
[Date "2017.8.5"]
[Round "1"]
[White "Sugarrayederson"]
[Black "fabricioprado"]
[Result "1-0"]
[WhiteElo "1895"]
[BlackElo "1767"]

1. d4 d5 2. Nf3 Nf6 3. Bf4 Bg4 4. e3 e6 5. h3 Bh5 6. Bd3 Be7 7. c3 O-O 8. Nbd2
Nbd7 9. Qc2 c6 10. Ne5 Nxe5 11. dxe5 Ne4 12. Nxe4 dxe4 13. Bxe4 Qc7 14. Bxh7+
Kh8 15. g4 Bg6 16. Bxg6 fxg6 17. Qxg6 Bc5 18. O-O-O Qf7 19. Qxf7 Rxf7 20. h4 Kg8
21. Rd2 Raf8 22. Rhd1 a6 23. Rd7 Rxd7 24. Rxd7 Rf7 25. Rxf7 Kxf7 26. Kd2 Kg6 27.
Kd3 Kf7 28. Kc4 Bb6 29. b4 Ba7 30. a4 b5+ 31. axb5 axb5+ 32. Kd3 Bb6 33. Bg5 c5
34. bxc5 Bxc5 35. f4 Kg6 36. h5+ Kf7 37. e4 Bb6 38. f5 Bc5 39. Be3 Be7 40. g5
exf5 41. exf5 Bf8 42. Kd4 1-0

[Event "AUTO-ADV-3877"]
[Site "http://www.queenalice.com/game.php?id=1488942"]
[Date "2017.8.5"]
[Round "1"]
[White "Profnabor"]
[Black "Sugarrayederson"]
[Result "1-0"]
[WhiteElo "1955"]
[BlackElo "1906"]

1. e4 c6 2. Nf3 d5 3. e5 Bf5 4. d4 e6 5. Be2 c5 6. dxc5 Bxc5 7. O-O Ne7 8. Nc3
h6 9. Nd4 Nbc6 10. Nxf5 Nxf5 11. Bf4 Bd4 12. Bd3 Nfe7 13. Nb5 Bxe5 14. Bxe5 Nxe5
15. Be2 1-0

[Event "AUTO-ADV-3877"]
[Site "http://www.queenalice.com/game.php?id=1488943"]
[Date "2017.8.5"]
[Round "1"]
[White "Sugarrayederson"]
[Black "Profnabor"]
[Result "0-1"]
[WhiteElo "1892"]
[BlackElo "1969"]

1. d4 Nf6 2. Nf3 d5 3. Bf4 e6 4. c3 Be7 5. Nbd2 O-O 6. h3 h6 7. e3 Nc6 8. Bd3
Bd6 9. Bxd6 Qxd6 10. O-O e5 11. dxe5 Nxe5 12. Nxe5 Qxe5 13. Nf3 Qd6 14. c4 dxc4
0-1

[Event "AUTO-ADV-3877"]
[Site "http://www.queenalice.com/game.php?id=1488950"]
[Date "2017.8.5"]
[Round "1"]
[White "Pin"]
[Black "Sugarrayederson"]
[Result "1/2-1/2"]
[WhiteElo "1930"]
[BlackElo "1879"]

1. e4 b6 2. f4 Bb7 3. Nc3 g6 4. Nf3 Bg7 5. d4 e6 6. Be2 d6 7. O-O Ne7 8. Be3 Nd7
9. Bd3 O-O 10. Qe1 c5 11. Ne2 cxd4 12. Nexd4 a6 13. Qh4 Nc6 14. Qh3 Nxd4 15.
Nxd4 Nc5 16. Qf3 Nxd3 17. cxd3 Rc8 18. Rac1 Qd7 19. b3 b5 20. Ne2 d5 21. Rcd1
Rc2 22. a3 Rfc8 23. Nd4 R2c7 1/2-1/2

[Event "AUTO-ADV-3877"]
[Site "http://www.queenalice.com/game.php?id=1488951"]
[Date "2017.8.5"]
[Round "1"]
[White "Sugarrayederson"]
[Black "Pin"]
[Result "1/2-1/2"]
[WhiteElo "1881"]
[BlackElo "1957"]

1. d4 f5 2. Nf3 Nf6 3. Bf4 e6 4. h3 Be7 5. e3 O-O 6. Nbd2 d6 7. c4 a5 8. Be2 Qe8
9. O-O Nc6 10. a3 Bd8 11. Qc2 Bd7 12. Rfe1 e5 13. dxe5 dxe5 14. Bh2 e4 15. Nd4
Nxd4 16. exd4 Rc8 17. Nf1 a4 18. Ne3 Kh8 19. Be5 Qg6 20. Bf4 Nh5 21. Be5 f4 22.
Ng4 f3 23. gxf3 exf3 24. Qxg6 hxg6 25. Bd3 1/2-1/2

[Event "AUTO-MASTER-2948"]
[Site "http://www.queenalice.com/game.php?id=1608439"]
[Date "2020.4.20"]
[Round "1"]
[White "Sugarrayederson"]
[Black "Pistolero"]
[Result "1/2-1/2"]
[WhiteElo "1925"]
[BlackElo "2110"]

1. d4 Nf6 2. Bf4 d6 3. Nf3 g6 4. h3 Bg7 5. e3 O-O 6. Be2 Nbd7 7. Nbd2 Re8 8. O-O
e5 9. dxe5 dxe5 10. Bh2 b6 11. Re1 Bb7 12. c3 Qe7 13. Qc2 e4 14. Nd4 Ne5 15. Nc4
Nxc4 16. Bxc4 a6 17. a3 c5 18. Ne2 b5 19. Ba2 Rad8 20. c4 Nd7 21. Rad1 Ne5 22.
Bxe5 Qxe5 23. b3 g5 24. Ng3 1/2-1/2

[Event "AUTO-MASTER-2948"]
[Site "http://www.queenalice.com/game.php?id=1608440"]
[Date "2020.4.20"]
[Round "1"]
[White "Pistolero"]
[Black "Sugarrayederson"]
[Result "1/2-1/2"]
[WhiteElo "2115"]
[BlackElo "1917"]

1. e4 e6 2. d4 d5 3. Nd2 dxe4 4. Nxe4 Nd7 5. c4 Ngf6 6. Bg5 Be7 7. Nxf6+ Nxf6 8.
Be2 O-O 9. Nf3 b6 10. O-O Bb7 11. Qb3 Nd7 12. Bf4 Bd6 13. Bxd6 cxd6 14. Rac1 Qc7
15. Rfd1 e5 16. Qa3 Rfe8 17. b4 a5 18. bxa5 Rxa5 19. Qb3 h6 20. Rd2 e4 1/2-1/2

[Event "AUTO-MASTER-2948"]
[Site "http://www.queenalice.com/game.php?id=1608441"]
[Date "2020.4.20"]
[Round "1"]
[White "Sugarrayederson"]
[Black "proficio"]
[Result "0-1"]
[WhiteElo "1919"]
[BlackElo "2321"]

1. d4 Nf6 2. Nf3 d5 3. Bf4 c5 4. e3 Nc6 5. c3 Qb6 6. Qc1 Nh5 7. Bg3 Nxg3 8. hxg3
Bf5 9. dxc5 Qxc5 10. Nbd2 Rd8 11. Nb3 Qb6 12. Qd2 e5 13. Nh4 Be6 14. Be2 Be7 15.
Qc2 e4 16. g4 g6 17. g3 Ne5 0-1

[Event "AUTO-MASTER-2948"]
[Site "http://www.queenalice.com/game.php?id=1608442"]
[Date "2020.4.20"]
[Round "1"]
[White "proficio"]
[Black "Sugarrayederson"]
[Result "1-0"]
[WhiteElo "2320"]
[BlackElo "1921"]

1. d4 b6 2. e4 Bb7 3. Bd3 e6 4. Nf3 Nf6 5. e5 Nd5 6. O-O c5 7. Be4 Qc7 8. c4 Nb4
9. d5 exd5 10. cxd5 d6 11. Nc3 dxe5 12. Nb5 Qd7 13. Nxe5 Qxb5 14. Qf3 f6 15. a4
Qxf1+ 16. Kxf1 fxe5 17. Qh5+ Kd8 18. Qxe5 1-0

[Event "AUTO-MASTER-2948"]
[Site "http://www.queenalice.com/game.php?id=1608443"]
[Date "2020.4.20"]
[Round "1"]
[White "Sugarrayederson"]
[Black "josebaron"]
[Result "1/2-1/2"]
[WhiteElo "1907"]
[BlackElo "2447"]

1. d4 d5 2. Bf4 Nf6 3. Nf3 e6 4. e3 Be7 5. h3 O-O 6. Bd3 h6 7. c3 c5 8. Nbd2 b6
9. O-O Bb7 10. Re1 Nbd7 11. e4 dxe4 12. Nxe4 cxd4 13. cxd4 Nxe4 14. Bxe4 Bxe4
15. Rxe4 Nf6 16. Re2 Nd5 17. Bh2 Rc8 18. Rc2 Bg5 19. Rxc8 Qxc8 20. Nxg5 hxg5 21.
Rc1 Qd7 22. Qd2 Rc8 23. Rxc8+ Qxc8 24. Qxg5 Qc2 25. Qd8+ Kh7 26. Qh4+ Kg8 27.
Qd8+ Kh7 28. Qh4+ Kg6 29. Qg4+ Kh6 30. Qh4+ Kg6 31. Qg4+ Kh7 32. Qh4+ 1/2-1/2

[Event "AUTO-MASTER-2948"]
[Site "http://www.queenalice.com/game.php?id=1608444"]
[Date "2020.4.20"]
[Round "1"]
[White "josebaron"]
[Black "Sugarrayederson"]
[Result "1-0"]
[WhiteElo "2434"]
[BlackElo "1909"]

1. e4 c6 2. d4 d5 3. exd5 cxd5 4. Nf3 Nf6 5. c4 e6 6. Nc3 Be7 7. Be2 O-O 8. O-O
Nc6 9. cxd5 Nxd5 10. Bd3 b6 11. Be4 Nxc3 12. bxc3 Qc7 13. Ne5 Bb7 14. Bf4 Bd6
15. Qh5 g6 16. Qf3 Nxe5 17. dxe5 Bxe4 18. exd6 Qc6 19. Qh3 Qd7 20. Qh4 Bc6 21.
Bh6 Qd8 22. Qd4 1-0

[Event "Challenge"]
[Site "http://www.queenalice.com/game.php?id=1609469"]
[Date "2020.4.26"]
[Round "-"]
[White "asantos82"]
[Black "Sugarrayederson"]
[Result "0-1"]
[WhiteElo "2089"]
[BlackElo "1932"]

1. d4 d5 2. Bg5 h6 3. Bh4 Nd7 4. Nf3 Ngf6 5. Nc3 e6 6. e3 c6 7. Bd3 Be7 8. Qe2
O-O 9. O-O-O c5 10. dxc5 Nxc5 11. Ne5 Nxd3+ 12. Qxd3 Nd7 13. Bxe7 Qxe7 14. Nf3
b6 15. Rhe1 Nc5 16. Qd2 Bb7 17. Qd4 Rad8 0-1